Introduction to Information Systems / (Record no. 14739)
[ view plain ]
| 000 -LEADER | |
|---|---|
| fixed length control field | 00799nam a22002297a 4500 |
| 008 - FIXED-LENGTH DATA ELEMENTS--GENERAL INFORMATION | |
| fixed length control field | 100930s2010 nyu|||||r|||| 001 0 eng d |
| 020 ## - INTERNATIONAL STANDARD BOOK NUMBER | |
| International Standard Book Number | 0070167087 |
| 020 ## - INTERNATIONAL STANDARD BOOK NUMBER | |
| International Standard Book Number | 9780070167087 |
| 082 02 - DEWEY DECIMAL CLASSIFICATION NUMBER | |
| Classification number | 658.4038011 |
| Item number | OBR |
| Edition number | 22 |
| 100 ## - MAIN ENTRY--PERSONAL NAME | |
| 9 (RLIN) | 19976 |
| Personal name | O'Brien, James A. |
| 245 ## - TITLE STATEMENT | |
| Title | Introduction to Information Systems / |
| Statement of responsibility, etc | James O'Brien, George M. Marakas |
| 250 ## - EDITION STATEMENT | |
| Edition statement | 15th ed. |
| 260 ## - PUBLICATION, DISTRIBUTION, ETC. (IMPRINT) | |
| Place of publication, distribution, etc | New York : |
| Name of publisher, distributor, etc | McGraw-Hill Irwin, |
| Date of publication, distribution, etc | 2010 |
| 300 ## - PHYSICAL DESCRIPTION | |
| Extent | 592 p. : |
| Other physical details | col. ill. ; |
| Dimensions | 28 cm. |
| 504 ## - BIBLIOGRAPHY, ETC. NOTE | |
| Bibliography, etc | Includes bibliographical references p. 547-556 and indexes |
| 650 ## - SUBJECT ADDED ENTRY--TOPICAL TERM | |
| 9 (RLIN) | 11345 |
| Topical term or geographic name as entry element | Management information systems. |
| Source of heading or term | BUEsh |
| 650 ## - SUBJECT ADDED ENTRY--TOPICAL TERM | |
| 9 (RLIN) | 4282 |
| Topical term or geographic name as entry element | Management |
| General subdivision | Data processing. |
| Source of heading or term | BUEsh |
| 650 ## - SUBJECT ADDED ENTRY--TOPICAL TERM | |
| 9 (RLIN) | 4282 |
| Topical term or geographic name as entry element | Management |
| General subdivision | Data processing. |
| Source of heading or term | BUEsh |
| 651 ## - SUBJECT ADDED ENTRY--GEOGRAPHIC NAME | |
| Source of heading or term | BUEsh |
| 700 ## - ADDED ENTRY--PERSONAL NAME | |
| 9 (RLIN) | 19977 |
| Personal name | Marakas, George M. |
| 942 ## - ADDED ENTRY ELEMENTS (KOHA) | |
| Source of classification or shelving scheme | Dewey Decimal Classification |
| Item type | Book - Borrowing |
| Withdrawn status | Item status | Source of classification or shelving scheme | Damaged status | Not for loan | Vendor | Home library | Current library | Shelving location | Date acquired | Source of acquisition | Cost, normal purchase price | Total Checkouts | Total Renewals | Full call number | Barcode | Date last seen | Date last borrowed | Koha item type |
|---|---|---|---|---|---|---|---|---|---|---|---|---|---|---|---|---|---|---|
| Dewey Decimal Classification | Baccah | Central Library | Central Library | First floor | 30/09/2010 | Purchase | 140.00 | 10 | 16 | 658.4038011 OBR | 000022280 | 15/07/2025 | 27/05/2019 | Book - Borrowing | ||||
| Lost and Paid For | Dewey Decimal Classification | Baccah | Central Library | Central Library | First floor | 30/09/2010 | Purchase | 140.00 | 7 | 107 | 658.4038011 OBR | 000022279 | 29/09/2011 | 29/09/2011 | Book - Borrowing | |||
| Lost and Paid For | Dewey Decimal Classification | Baccah | Central Library | Central Library | First floor | 30/09/2010 | Purchase | 140.00 | 7 | 8 | 658.4038011 OBR | 000022278 | 01/07/2012 | 16/08/2011 | Book - Borrowing | |||
| Dewey Decimal Classification | Baccah | Central Library | Central Library | First floor | 30/09/2010 | Purchase | 140.00 | 2 | 658.4038011 OBR | 000022277 | 15/07/2025 | 28/04/2013 | NB - Book (Non borrowing) |